Özbek destanları 4 / (Record no. 15701)

MARC details
000 -BAŞLIK
Sabit Uzunlukta Kontrol Alanı 01055nam a22002657a 4500
999 ## - SİSTEM KONTROL NUMARALARI (KOHA)
Koha Biblionumber 15701
Koha Biblioitemnumber 15701
003 - KONTROL NUMARASI IDENTIFIER
Denetim Alanı MIRAKIL
005 - SON İŞLEM TARİHİ VE ZAMANI
Denetim Alanı 20240321113846.0
008 - SABİT-BOY VERİ ELEMANLARI - GENEL BİLGİLER
Sabit Uzunlukta Kontrol Alanı 240321b tu ||||| |||| 00| 0 tur d
020 ## - ULUSLARARASI STANDART KİTAP NUMARASI
Uluslararası Standart Kitap Numarası 9789751623775
040 ## - KATALOGLAMA KAYNAK
Orijinal Kataloglama Ajansı TR-AnCHP
Metne Dönüştürmek Ajansı TR-AnCHP
041 ## - DİL KODU
Metin / Ses Parça Veya Ayrı Başlığın Dil Kodu tur
082 ## - DEWEY ONLU SINIFLANDIRMA NUMARASI
Sınıflandırma Numarası 398.5
Ürün Numarası Ö91 2011
245 10 - BAŞLIK TABLOSU
Başlık Özbek destanları 4 /
Sorumluluk Tablosu, Vb hazırlayanlar: Töre Mirzayev, Cabbar İşankul ; Türkiye Türkçesine aktaran: Rıdvan Öztürk.
250 ## - EDITION TABLOSU
Baskı Beyanı 1. bsk.
260 ## - YAYIN, DAĞITIM, VB
Yayın, Dağıtım, Vb Yeri Ankara :
Yayıncı, Dağıtıcı, Vs Adı Türk Dil Kurumu,
Yayın, Dağıtım, Vb Tarihi 2011.
300 ## - FİZİKSEL TANIM
Kapsam c. "4." (491 s.) ;
Boyutlar 24 cm.
490 0# - SERİSİ TABLOSU
Seri Beyanı Atatürk Kültür, Dil ve Tarih Yüksek Kurumu Türk Dil Kurumu yayınları ;
Hacim / Ardışık Tanımı 1024.
490 0# - SERİSİ TABLOSU
Seri Beyanı Türk Dünyası Destanlarının Tespiti, Türkiye Türkçesine Aktarılması ve Yayımlanması Projesi:
Hacim / Ardışık Tanımı 43
500 ## - GENEL NOT
Genel Not İçindekiler: c.4.: Huşkeldi ve Belagerdan<br/>
504 ## - KAYNAKÇA VB NOT
Kaynakça Vb Notu Kaynakça: 491. s.<br/>
650 #0 - KONU KATMA GİRİŞ - TOPİKAL DÖNEM
9 (RLIN) 7722
Topikal Süreli Veya Coğrafi Ad Giriş Elemanı Destanlar
Coğrafi Alt Bölümü Özbek
856 ## - ELEKTRONİK YER VE ERİŞİM
Kamu Notu Dijital Nüshası için Partimizin Kütüphane Sorumlusu ile iletişime geçiniz.
942 ## - EKLENDİ GİRİŞ ELEMANLARI (KOHA)
Sınıflandırma Veya Raf Düzeni Kaynak Dewey Decimal Classification
Koha Öğesi Türü Books
999 ## - SİSTEM KONTROL NUMARALARI (KOHA)
Koha Biblioitemnumber 15701
Holdings
Kalıcı Konum Mevcut Konum Edinme Tarihi Toplam Check-Out'Lar Tam Çağrı Numarası Barkod Tarih Son Görülme İtibaren Geçerli Fiyatlar Koha Öğesi Türü
CHP Kütüphanesi CHP Kütüphanesi 03/21/2024   398.5 Ö91 2011 21633 03/21/2024 03/21/2024 Books